Ρήγας Βελεστινλής οι παιδαγωγικές του ιδέες: η συνεισφορά του στην παιδεία του Γένους
Αποθηκεύτηκε σε:
| Κύριος συγγραφέας: | |
|---|---|
| Μορφή: | Βιβλίο |
| Γλώσσα: | Greek |
| Δημοσίευση: |
Βελεστίνο :
[χ.ο],
2021.
|
| Θέματα: | |
| Ετικέτες: |
Προσθήκη ετικέτας
Δεν υπάρχουν, Καταχωρήστε ετικέτα πρώτοι!
|
MARC
| LEADER | 00000nam a2200000 a 4500 | ||
|---|---|---|---|
| 001 | 1/125594 | ||
| 008 | 221110s2021####gr | ||| |||| ||gre|| | ||
| 020 | |a 9786180031201 | ||
| 040 | |a GR-MyUa |b gre |c GR-MyUa |e AACR2 | ||
| 041 | 0 | |a gre | |
| 082 | 7 | |a 938.483 |2 (23) | |
| 100 | 1 | |a Φραγκούλης, Αντώνιος Δ. | |
| 245 | 1 | 0 | |a Ρήγας Βελεστινλής οι παιδαγωγικές του ιδέες: |b η συνεισφορά του στην παιδεία του Γένους / |c Αντώνιος Δημ. Φραγκούλης. |
| 260 | |a Βελεστίνο : |b [χ.ο], |c 2021. | ||
| 300 | |a 312 σ. : |b εικ. ; |c 25 εκ. | ||
| 504 | |a Περιέχει βιβλιογραφικές παραπομπές και ευρετήριο. | ||
| 600 | 0 | 0 | |a Ρήγας |c Βελεστινλής, |d 1757-1798. |
| 650 | 0 | |a Education |z Greece. | |
| 651 | 0 | |a Greece |x History |x Sources |y 18th century. | |
| 970 | |a Σιδερή |b Νεκταρία |z 2022/11/10 | ||